000 00700nam a2200241 i 4500
001 bg
100 1 _aBOCZEK, Jan
245 1 0 _aNauka o szkodnikach roślin uprawnych /
_cJan Boczek.
250 _aWyd. 3 popr. i uzup.
260 _aWarszawa :
_bWydaw. SGGW [Szkoły Głównej Gospodarstwa Wiejskiego],
_c1998.
300 _a432 s. :
_brys., wykr. ;
_c24 cm.
504 _aBibliogr. s. 409-410. - Indeksy.
650 9 _aOwady szkodliwe
650 9 _aRośliny
_xochrona
655 _aPodręczniki akademickie
020 _a8300031537
040 _cBPK
041 0 _apl
080 _a632.6/.7(075.8)
920 _a83-00-03153-7
942 _cKS
008 s pl f |000 0 pol
999 _c34442
_d34442
856 _uhttp://koha.tu.koszalin.pl/cgi-bin/koha/opac-detail.pl?biblionumber=34442
_yKatalog online BPK